American General Knowledge by Letter - D - Statistics

General Stats
  • This quiz has been taken 65 times
  • The average score is 12 of 17
Answer Stats
Hint Answer % Correct
Midwestern city known for its large auto industry Detroit
98%
River that Philadelphia borders, namesake of a nearby state Delaware
96%
"The Mile High City" Denver
95%
President of the United States (2016-2020; 2024-present) Donald Trump
95%
Major political party Democratic
91%
Large city known for cowboy culture and Tex-Mex cuisine Dallas
88%
Document signed in 1776 separating the United States from Great Britain Declaration of Independence
84%
Highest mountain in the United States, formerly Mount McKinley Denali
84%
The 34th president of the United States, serving during the Cold War (1953-1961) Dwight D. Eisenhower
82%
Cultural region with deep ties to plantations and slavery Deep South
73%
Prestigious university in North Carolina with rigorous academics and competitive sports programs Duke
61%
Major NASCAR race that takes place in Florida Daytona 500
59%
Ivy League university in New Hampshire Dartmouth
57%
Native American tribe apart of the Sioux Nation known for hunting buffalo on the northern plains Dakota
45%
City in which the above university is located Durham
45%
Peninsula consisting of parts of Delaware, Maryland and Virginia (hint: piece the states together) Delmarva
23%
City in Connecticut with a former booming hat industry Danbury
20%
No matching quizzes found
Score Distribution
Percent of People with Each Score
Percentile by Number Answered
Your Score History
You have not taken this quiz